Statistics for Premier League players coming from Ligue 1 2016-17

Click here to take the quiz!

General Stats

  • This quiz has been taken 188 times
    (109 since last reset)
  • The average score is 21 of 47

Answer Stats

Premier League ClubsLigue 1 ClubsCountryPlayer% Correct
ChelseaLilleBelgiumEden Hazard
87%
Chelsea, LeicesterCaenFranceN'Golo Kanté
81%
ArsenalMontpellierFranceOlivier Giroud
78%
Arsenal, ChelseaRennesCzech RepublicPetr Cech
76%
Manchester UnitedParis SGSwedenZlatan Ibrahimovic
73%
ChelseaMarseilleSpainCésar Azpilicueta
72%
Crystal Palace, NewcastleParis SG, LilleFranceYohan Cabaye
68%
LiverpoolLyonCroatiaDejan Lovren
67%
ArsenalNiceColombiaDavid Ospina
66%
ArsenalLorientFranceLaurent Koscielny
60%
LiverpoolLilleBelgiumDivock Origi
59%
TottenhamLyon, NiceFranceHugo Lloris
59%
ChelseaMarseille²BelgiumMichy Batshuayi
59%
Manchester UnitedMonaco, LyonFranceAnthony Martial
58%
LiverpoolParis SGFranceMamadou Sakho
58%
West Ham, SwanseaMarseille, LorientGhanaAndré Ayew
56%
BournemouthSaint-EtienneCote d'IvoireMax-Alain Gradel
55%
Manchester United, SouthamptonStrasbourgFranceMorgan Schneiderlin
55%
LeicesterNiceFranceNampalys Mendy
55%
Manchester CityMonacoCote d'IvoireYaya Touré
54%
ChelseaSaint-EtienneFranceKurt Zouma
53%
Arsenal, NewcastleLilleFranceMathieu Debuchy
52%
Crystal PalaceMarseilleFranceSteve Mandanda
49%
West HamMarseille, Lille, Saint-Etienne, NantesFranceDimitri Payet
48%
SouthamptonLilleMoroccoSofiane Boufal
48%
Manchester City, ArsenalAuxerreFranceBacary Sagna
47%
Tottenham, NewcastleToulouseFranceMoussa Sissoko
47%
Everton, Aston VillaLilleSenegalIdrissa Gueye
45%
EvertonLille, Saint-EtienneBelgiumKévin Mirallas
45%
Crystal Palace, Chelsea, QPR, NewcastleMarseille, Lyon, Nice, LensFranceLoïc Rémy
42%
Watford, TottenhamToulouseFranceEtienne Capoue
36%
Manchester UnitedMonacoArgentinaSergio Romero
34%
West HamGrenobleAlgeriaSofiane Feghouli
32%
ArsenalLorientFranceFrancis Coquelin
29%
SunderlandLorientGabonDidier Ndong
27%
TottenhamMarseille, NantesFranceGeorges-Kevin Nkoudou
25%
Crystal PalaceSaint-EtienneMaliBakary Sako
19%
Everton, Southampton, FulhamMonacoNetherlandsMaarten Stekelenburg
19%
LeicesterSaint-EtienneTunisiaYohan Benalouane
19%
Sunderland, ChelseaNantesSenegalPapy Djilobodji
18%
Sunderland, Tottenham, PortsmouthAuxerreFranceYounès Kaboul
18%
LiverpoolBordeauxPortugalTiago Ilori
15%
SouthamptonNice, Guingamp, LyonFranceJérémy Pied
14%
Crystal PalaceLille, ReimsSenegalPape Souaré
14%
SwanseaSaint-Etienne, ToulouseFranceFranck Tabanou
8%
WatfordMarseille, EvianCôte d'IvoireBrice Dja Djédjé
7%
WatfordLe MansSwitzerlandAlmen Abdi
2%

Score Distribution

Percentile by Number Answered

Percent of People with Each Score

Your Score History

You have not taken this quiz since the last reset